A hollow threat : strategic air power and containment before Korea /

Bibliographic Details
Main Author: Borowski, Harry R.
Format: Book
Language:English
Published: Westport, Conn. : Greenwood Press, 1982.
Series:Contributions in military history ; no. 25.
Subjects:

MARC

Tag First Indicator Second Indicator Subfields
LEADER 00000pam a2200000 a 4500
001 in00000090727
005 20150923130953.0
008 810501s1982 ctu b 00110 eng
010 |a  81004228  
020 |a 0313222355 (lib. bdg.) 
035 |a (OCoLC)07553836 
035 |9 AAK6566AM 
039 0 |a 2  |b 3  |c 3  |d 3  |e 3 
040 |a DLC  |c DLC  |d UtOrBLW 
043 |a n-us--- 
049 |a TXAM  |c [388470] 
050 0 0 |a UG633  |b .B684 1982 
100 1 |a Borowski, Harry R. 
245 1 2 |a A hollow threat :  |b strategic air power and containment before Korea /  |c Harry R. Borowski. 
264 1 |a Westport, Conn. :  |b Greenwood Press,  |c 1982. 
300 |a xii, 242 pages ;  |c 22 cm. 
336 |a text  |b txt  |2 rdacontent 
337 |a unmediated  |b n  |2 rdamedia 
338 |a volume  |b nc  |2 rdacarrier 
490 1 |a Contributions in military history,  |x 0084-9251 ;  |v no. 25 
500 |a Includes index. 
504 |a Bibliography: pages [221]-229. 
610 1 0 |a United States.  |b Air Force.  |b Strategic Air Command  |x History. 
651 0 |a United States  |x Military policy. 
651 0 |a United States  |x Foreign relations  |y 1945-1953. 
830 0 |a Contributions in military history ;  |v no. 25. 
999 |a MARS 
999 f f |s 8322179e-1a6f-3a9e-beb5-4683ad172836  |i f67828f9-dbf1-33ef-ad85-59072f695ed3  |t 0 
952 f f |p normal  |a Texas A&M University  |b College Station  |c Sterling C. Evans Library  |d Evans: Library Stacks  |t 0  |e UG633 .B684 1982  |h Library of Congress classification  |i unmediated -- volume  |m A14806037840 
998 f f |a UG633 .B684 1982  |t 0  |l Evans: Library Stacks